00000000nam##2200000za#4500
0019.625207
003CaOODSP
00520210420090206
007ta
008150406|2000||||xxc|||||     f|0| 0 fre|d
020 |a0-662-84258-8
040 |aCaOODSP|bfre
043 |an-cn---
0861 |aH42-2/67-17-1999F
1101 |aCanada. |bDirection générale des produits de santé et des aliments.
24510|aDurée des essais de toxicité chronique chez les animaux (essais de toxicité chez les rongeurs et les autres animaux)
260 |aOttawa - Ontario : |bSanté Canada. |c2000.
300 |ai, 2p. ; |c28 cm.
4901 |aLigne directrice à l'intention de l'industrie |vICH thème S4A
563 |aFeuilles mobiles
590 |a01-25|b2001-06-22
69107|aTest|2gcpds
69107|aMédicament|2gcpds
69107|aRongeur|2gcpds
69107|aToxicologie|2gcpds
7760#|tDurée des essais de toxicité chronique chez les animaux (essais de toxicité chez les rongeurs et les autres animaux) |w(CaOODSP)9.603912
830#0|aLigne directrice à l'intention de l'industrie ;|vICH thème S4A|w(CaOODSP)9.513090